Najczęściej uczęszczane przystanki MPK w Krakowie - Statystyki

Ogólne statystyki
  • Ten quiz został rozwiązany 192 razy
  • Średni wynik to 13 z 21
Statystyki odpowiedzi
Odpowiedź % Poprawnych
Teatr Słowackiego
90%
Teatr Bagatela
87%
Rondo Mogilskie
85%
Rondo Grzegorzeckie
84%
Dworzec Główny Zachód
81%
Poczta Główna
74%
Rondo Grunwaldzkie
73%
Nowy Kleparz
70%
Plac Inwalidów
67%
Dworzec Główny Tunel
65%
Plac Centralny im. Ronalda Reagana
65%
Rondo Matecznego
65%
Starowiślna
63%
Dworzec Główny Wschód
61%
Politechnika
61%
Plac Wszystkich Świętych
57%
Bronowice SKA
39%
Bonarka
34%
TAURON Arena Kraków Wieczysta
33%
Miasteczko Studenckie AGH
25%
Wiślicka
20%
Nie znaleziono quizów pasujących do podanych kryteriów
Rozkład punktacji
Procent ludzi z każdym wynikiem
Percentyl według liczby udzielonych odpowiedzi
Twoja historia wyników
Nie rozwiązałeś tego quizu